LEADER 01287nam a2200265 i 4500 001 000000085560 003 CaOOAMICUS 005 20160125000000.0 008 160125s1966 it u000 u ita u 013 $a57800 040 $aSeMil$bita 245 13$aLa Chiesa nel mondo contemporaneo :$bcostituzione Pastorale del Concilio Vaticano 2. /$cIntroduzione e commento a cura di S. E. Mons. S. Quadri ; collaboratori : L. Bogliolo ... [et al.]. 260 $aTorino :$bBorla,$c1966. 300 $a332 p. ;$c21 cm. 490 0 $aNuova cristianità ;$v25 500 $aIn appendice : Discorso di Paolo 6. all'ONU. 650 4$aConcilio Vaticano II <1962-1965> - Studi.$0(OLS)http://semarc/subject/1167 700 1 $aBogliolo, Luigi <1910-1999>.$0(OLS)http://semarc/name/4966 700 1 $aQuadri, Santo Bartolomeo .$0(OLS)http://semarc/name/19594 830 0$aNuova cristianità ;$v25.$0(OLS)http://semarc/title/6390 850 $aSeMil 852 $aSeMil$W1$xVenegono$y1$m3A V 313$j49505$B49505$CSeMilBibl$Z2$F53159 $81 961 $aOmaggio: Suor Anita 996 $6245$aLa Chiesa nel mondo contemporaneo :$bcostituzione Pastorale del Concilio Vaticano 2.$9(OLS)http://semarc/title/132065 996 $6260$aTorino :$bBorla$9(OLS)http://semarc/publisher/29913 LEADER 01057nam a2200217 i 4500 001 000000090978 003 CaOOAMICUS 005 20160209000000.0 008 160209s1848 it u000 u ita u 013 $a63220 040 $aSeMil$bita 100 1 $aGentilucci, Emidio.$0(OLS)http://semarc/name/40799 245 13$aIl perfetto leggendario, ovvero Storia della vita di Maria Santissima /$cscritta da monsignor Emidio Gentilucci ... ; ornata ed arricchita di cinquantaquattro tavole all'acquerello. 260 $aRoma :$bTipografia della Minerva,$c1848. 300 $a[14], X, 455 p., LIV c. di tav. :$bill. ;$c29 cm. 500 $aSul front. : Vol. unico ; 1. ed. premiata. 600 04$aMaria .$0(OLS)http://semarc/subject/5190 850 $aSeMil 852 $aSeMil$W1$xVenegono$y1$m3H V 44 FA$j53939$B53939$CSeMilBibl$Z2$F58579 $8I 996 $6245$aIl perfetto leggendario, ovvero Storia della vita di Maria Santissima$9(OLS)http://semarc/title/137067 996 $6260$aRoma :$bTipografia della Minerva$9(OLS)http://semarc/publisher/38508